ნორმალური ფორმატი
MARC ფორმატი
ჩანაწერი Personal Name
ჩანაწერთა რაოდენობა, რომელიც გამოყენებულია: 1
001 - CONTROL NUMBER
- control field: 20289
003 - CONTROL NUMBER IDENTIFIER
- control field: GE_BSU
005 - DATE AND TIME OF LATEST TRANSACTION
- control field: 20231106125405.0
008 - FIXED-LENGTH DATA ELEMENTS
- fixed length control field: 231106|| aca||aabn | a|a d
040 ## - CATALOGING SOURCE
- Original cataloging agency: GE_BSU
- Transcribing agency: GE_BSU
100 ## - HEADING--PERSONAL NAME
- Personal name: კვიტაშვილი, ნინო
- Relator term: რედაქტორი.
670 ## - SOURCE DATA FOUND
- Source citation: Work cat.: (GE_BSU): ჯაველიძე, ელიზბარ 17629, განთიადის გამნათებელ ღმერთს ველტვი, რათა უკუნი ღამის ბოროტებას განვერიდო = Sabaha aydinliyan Rabbina siğinirim karanliği çoktuğu zaman gecenin kötülüğünden
